000 012360000a22002290004500
041 0 _aSPA
082 0 4 _aG 100 W136i
100 1 _aWahl, Jean
245 1 0 _aIntroducción a la filosofía / Jean Wahl ; José Gaos, Traductor
250 _a5
260 _aMéxico, D.F. : Fondo de Cultura Económica
300 _a379 páginas
500 _aTítulo original en inglés: The philosopher´s way
501 _aPasta dura
505 0 0 _ala necesaria revisión de los conceptos metafísicos -- la sustancia -- el ser, la existencia, la realidad -- el devenir -- las esencias y las formas; la idea de la materia -- la cantidad y la cualidad -- la causalidad -- la libertad -- las teoría del conocimiento -- lo mediato y lo inmediato -- la ciencia, la filosofía y el mundo sensible -- las cosas, los seres vivos y las personas -- las relaciones -- las ideas negativas -- el valor -- el alma -- Dios -- lo perfecto, lo infinito , lo uno, lo absoluto, lo trascendente -- la dialéctica -- Explicación de diversos temas de filosofía -- Conceptos metafísicos
650 1 4 _aFILOSOFIA
001 587
942 _cBK
999 _c32097
_d32097
336 _atexto
_btxt
_2rdacontent
337 _2rdamedia
_asin mediación
_bn
338 _2rdacarrier
_avolumen
_bnc